| 000 | 00967nam a2200229Ia 4500 | ||
|---|---|---|---|
| 999 |
_c42118 _d42118 |
||
| 001 | 8809 | ||
| 003 | GE_BSU | ||
| 005 | 20250331103317.0 | ||
| 008 | 181216s1990||||ge |||||||||||||| ||geo|| | ||
| 040 | _cGE_BSU | ||
| 041 | _ageo | ||
| 080 | _a821.353.1-31 კ-18 | ||
| 100 |
_aკალანდაძე, ალექსანდრე _924718 |
||
| 245 |
_aანტონ დიდი : _bრომანი / _cალექსანდრე კალანდაძე; რედ: თ.დაუშვილი ; მხატვ: ჯ. ყაველაშვილი. |
||
| 245 | _cმე-2 გამოცემა | ||
| 264 |
_aთბილისი : _b საქართველო, _c1990. |
||
| 300 |
_a687 გვ; _b21 სმ. |
||
| 653 | _aრომანი | ||
| 700 |
_aდაუშვილი, თ. _eრედაქტორი _95376 |
||
| 700 |
_aყაველაშვილი, ჯ. _eმხატვარი _924719 |
||
| 942 |
_cBK _2udc |
||